| 000 | 00557nam a2200193 a 4500 | ||
|---|---|---|---|
| 001 | 5959 | ||
| 003 | CDMR | ||
| 005 | 20131009140052.0 | ||
| 008 | 130220s2009||||||||||||||||||||||||||||d | ||
| 020 | _a9788492619092 | ||
| 040 |
_aCDMR _bcat _cCDMR |
||
| 100 | 1 |
_aDalmases, Pablo Ignacio de _91186 |
|
| 245 | 1 | 0 |
_aOficio de carroƱero _b: un periodista en la calle _cPablo-Ignacio de Dalmases |
| 260 |
_aBarcelona _bCarena _c2009 |
||
| 300 |
_a275 p ; _c17 cm |
||
| 490 | 0 |
_aEnsayo social _v13 |
|
| 650 | 0 | 4 |
_aPeriodistes catalans _vBiografia _93139 |
| 942 |
_cMON _2udc |
||
| 999 |
_c5959 _d5959 |
||